<?xml version="1.0" encoding="UTF-8"?>
<record
    xmlns:xsi="http://www.w3.org/2001/XMLSchema-instance"
    xsi:schemaLocation="http://www.loc.gov/MARC21/slim http://www.loc.gov/standards/marcxml/schema/MARC21slim.xsd"
    xmlns="http://www.loc.gov/MARC21/slim">

  <leader>01409nam a22002537a 4500</leader>
  <controlfield tag="005">20170124102927.0</controlfield>
  <datafield tag="010" ind1=" " ind2=" ">
    <subfield code="a">A-984652</subfield>
  </datafield>
  <datafield tag="020" ind1=" " ind2=" ">
    <subfield code="c">00.00</subfield>
  </datafield>
  <datafield tag="035" ind1=" " ind2=" ">
    <subfield code="a">A-984652</subfield>
  </datafield>
  <datafield tag="037" ind1=" " ind2=" ">
    <subfield code="b">Cen Lib/Ret</subfield>
  </datafield>
  <datafield tag="040" ind1=" " ind2=" ">
    <subfield code="a">DPL</subfield>
    <subfield code="b">HN</subfield>
  </datafield>
  <datafield tag="082" ind1=" " ind2=" ">
    <subfield code="a">327</subfield>
    <subfield code="b">&#x938;&#x924;&#x94D;&#x92F;&#x915;&#x947;&#x924;&#x941;</subfield>
  </datafield>
  <datafield tag="100" ind1=" " ind2=" ">
    <subfield code="a">&#x938;&#x924;&#x94D;&#x92F;&#x915;&#x947;&#x924;&#x941;, &#x935;&#x93F;&#x927;&#x93E;&#x932;&#x94D;&#x915;&#x94D;&#x926;&#x93E;&#x930; &#x921;&#x940; &#x966; &#x932;&#x93F;&#x91F;&#x94D; &#x966;</subfield>
    <subfield code="9">43956</subfield>
  </datafield>
  <datafield tag="245" ind1=" " ind2=" ">
    <subfield code="a">&#x935;&#x93F;&#x936;&#x94D;&#x935; &#x915;&#x940; &#x930;&#x93E;&#x91C;&#x928;&#x940;&#x924;&#x940; &#x914;&#x930; &#x905;&#x928;&#x94D;&#x924;&#x930;&#x94D;&#x930;&#x93E;&#x937;&#x94D;&#x91F;&#x94D;&#x930;&#x940;&#x92F; &#x938;&#x92E;&#x94D;&#x92C;&#x928;&#x94D;&#x927; :</subfield>
    <subfield code="c">&#x938;&#x924;&#x94D;&#x92F;&#x915;&#x947;&#x924;&#x941; &#x935;&#x93F;&#x927;&#x93E;&#x932;&#x94D;&#x915;&#x94D;&#x926;&#x93E;&#x930; &#x921;&#x940; &#x966; &#x932;&#x93F;&#x91F;&#x94D; &#x966;</subfield>
    <subfield code="b">&#x938;&#x942;&#x928; 1919 &#x938;&#x947; &#x938;&#x942;&#x928; 1945 &#x924;&#x915; :&#x926;&#x94B; &#x92E;&#x939;&#x92F;&#x941;&#x926;&#x94C;&#x902; &#x915;&#x947; &#x92E;&#x927;&#x94D;&#x92F; &#x915;&#x93E; &#x915;&#x932;  /</subfield>
  </datafield>
  <datafield tag="246" ind1=" " ind2=" ">
    <subfield code="a">vishaw ki rajniti aur antrashtriya sambandh : san 1919 se san 1945 tak : do mahayudho ke madhye ka kal /</subfield>
    <subfield code="b">by satyketu vidhadhakar </subfield>
  </datafield>
  <datafield tag="260" ind1=" " ind2=" ">
    <subfield code="a">&#x928;&#x908; &#x926;&#x93F;&#x932;&#x94D;&#x932;&#x940; </subfield>
    <subfield code="b">&#x936;&#x94D;&#x930;&#x940; &#x938;&#x930;&#x938;&#x94D;&#x935;&#x924;&#x940; &#x938;&#x926;&#x928;  </subfield>
    <subfield code="c">1971</subfield>
  </datafield>
  <datafield tag="270" ind1=" " ind2=" ">
    <subfield code="a">&#x90F;-&#x967;/&#x969;&#x968; &#x938;&#x92B;&#x926;&#x930;&#x91C;&#x902;&#x917; &#x90F;&#x928;&#x94D;&#x915;&#x94D;&#x932;&#x947;&#x935; </subfield>
    <subfield code="b">&#x928;&#x908; &#x926;&#x93F;&#x932;&#x94D;&#x932;&#x940; </subfield>
    <subfield code="e">110029</subfield>
  </datafield>
  <datafield tag="300" ind1=" " ind2=" ">
    <subfield code="a">280&#x92A;&#x943;.:</subfield>
    <subfield code="c">20&#x938;&#x947;&#x92E;&#x940; (&#x905;&#x938;&#x91C;&#x93F;&#x932;&#x94D;&#x926;)</subfield>
  </datafield>
  <datafield tag="650" ind1=" " ind2=" ">
    <subfield code="a">&#x907;&#x924;&#x93F;&#x939;&#x93E;&#x938;</subfield>
    <subfield code="9">47629</subfield>
  </datafield>
  <datafield tag="650" ind1=" " ind2=" ">
    <subfield code="a">&#x907;&#x924;&#x93F;&#x939;&#x93E;&#x938;--&#x935;&#x93F;&#x936;&#x94D;&#x935; &#x930;&#x93E;&#x91C;&#x928;&#x940;&#x924;&#x940;</subfield>
    <subfield code="9">47630</subfield>
  </datafield>
  <datafield tag="650" ind1=" " ind2=" ">
    <subfield code="a">History</subfield>
    <subfield code="9">47631</subfield>
  </datafield>
  <datafield tag="650" ind1=" " ind2=" ">
    <subfield code="a">History--world politics</subfield>
    <subfield code="9">43960</subfield>
  </datafield>
  <datafield tag="942" ind1=" " ind2=" ">
    <subfield code="2">ddc</subfield>
    <subfield code="c">HN</subfield>
    <subfield code="h">327</subfield>
    <subfield code="m">&#x938;&#x924;&#x94D;&#x92F;&#x915;&#x947;&#x924;&#x941;</subfield>
  </datafield>
  <datafield tag="999" ind1=" " ind2=" ">
    <subfield code="c">111659</subfield>
    <subfield code="d">111659</subfield>
  </datafield>
  <datafield tag="952" ind1=" " ind2=" ">
    <subfield code="0">0</subfield>
    <subfield code="1">0</subfield>
    <subfield code="4">0</subfield>
    <subfield code="7">0</subfield>
    <subfield code="a">L</subfield>
    <subfield code="b">L</subfield>
    <subfield code="d">2015-08-04</subfield>
    <subfield code="e">cen Lib/Ret</subfield>
    <subfield code="g">0.00</subfield>
    <subfield code="l">11</subfield>
    <subfield code="m">2</subfield>
    <subfield code="o">327 &#x938;&#x924;&#x94D;&#x92F;&#x915;&#x947;&#x924;&#x941;</subfield>
    <subfield code="p">A-984652</subfield>
    <subfield code="r">2023-10-23 00:00:00</subfield>
    <subfield code="s">2023-09-26</subfield>
    <subfield code="t">1</subfield>
    <subfield code="v">0.00</subfield>
    <subfield code="w">2016-09-15</subfield>
    <subfield code="y">HN</subfield>
  </datafield>
</record>
